| 000 | 00827nam a22002177a 4500 | ||
|---|---|---|---|
| 003 | UA-OsUOA | ||
| 001 | 131558 | ||
| 007 | ta | ||
| 008 | 20180608b un ||||| |||| 00| 0 ukr d | ||
| 090 |
_a82.0(082) _bФ94 |
||
| 942 | _cBK | ||
| 040 |
_aUA-OsUOA _bukr _cUA-OsUOA _dUA-OsUOA |
||
| 245 |
_aФункціонування літератури в культурному контексті епохи _bміжвузівська науковаконференція (ХІІ Шрейдерівські читання): матеріали _cупор. Т. Є. Пічугіна |
||
| 300 | _a92 с. | ||
| 955 | _a1 | ||
| 041 | _aukr | ||
| 080 | _a82.0(082) | ||
| 260 |
_aДніпропетровськ _bТріменс ЛТД _c2013 |
||
| 650 | 7 |
_a82 Література. Літературознавство _2UDC |
|
| 999 |
_c419406 _d419406 |
||